[Event "Georgi Tringov Mem"]
[Site "Plovdiv BUL"]
[Date "2010.02.05"]
[Round "8"]
[White "Vutov,M"]
[Black "Bratanov,Z"]
[Result "1-0"]
[WhiteElo "2331"]
[BlackElo "2463"]

1.e4 c5 2.Nf3 Nc6 3.d4 cxd4 4.Nxd4 Qc7 5.Nc3 e6 6.Be3 a6 7.f3 Nf6 8.Qd2 Ne5
9.O-O-O b5 10.g4 h6 11.h4 Bb7 12.Be2 b4 13.Na4 d5 14.g5 Nfd7 15.b3 hxg5 16.hxg5 Rxh1
17.Rxh1 dxe4 18.f4 Nf3 19.Bxf3 exf3 20.g6 Nf6 21.gxf7+ Kxf7 22.Rf1 Rd8 23.Qh2 Qa5
24.Nxf3 Bxf3 25.Rxf3 Qf5 26.Bb6 Rd7 27.Qe2 Bd6 28.Qc4 Qd5 29.Rf1 Qe4 30.Kb1 Qxc4
31.bxc4 Ne4 32.Kc1 b3 33.cxb3 Ba3+ 34.Kc2 Rd2+ 35.Kb1 Be7 36.Re1 Ng3 37.Be3 Rh2
38.Bd4 Nf5 39.Be5 Bb4 40.Bc3 Bd6 41.Be5 Bb4 42.Rc1 Bd2 43.Rg1 Be3 44.Rd1 Rh8
45.c5 Rc8 46.b4 g5 47.Nb6 Rc6 48.fxg5 Bxg5 49.Nc4 Be7 50.Rd7 Ke8 51.Ra7 Bd8
52.Nd6+ Nxd6 53.Bxd6 e5 54.a4 e4 55.b5 axb5 56.axb5 Rc8 57.b6 e3 58.Ra2 Bxb6
59.cxb6 Rc3 60.b7 Rb3+ 61.Rb2 e2 62.b8=Q+  1-0

[Event "Open"]
[Site "Novy Bor CZE"]
[Date "2010.02.16"]
[Round "5"]
[White "Moehn,H"]
[Black "Vorobyov,Y"]
[Result "0-1"]
[WhiteElo "2015"]
[BlackElo "2259"]

1.e4 c5 2.Nf3 Nc6 3.d4 cxd4 4.Nxd4 Qc7 5.Nc3 e6 6.Be3 Nf6 7.a3 a6 8.Be2 b5
9.Nxc6 dxc6 10.f4 b4 11.axb4 Bxb4 12.Bf3 a5 13.e5 Nd5 14.Bxd5 cxd5 15.Bd4 Ba6
16.Kf2 f5 17.Ne2 O-O 18.c3 Be7 19.Qd2 Rfb8 20.h3 g6 21.g4 Bh4+ 22.Kf3 Qc4
23.Nc1 a4 24.Qc2 Bb5 25.Rg1 fxg4+ 26.hxg4 Rf8 27.f5 exf5 28.g5 f4 29.e6 Rf5
30.b3 Qc6 31.bxa4 Bxa4 32.Qh2 Bxg5 33.Rxg5 Rxg5 34.Qh6 Rg3+ 35.Kxf4 Qc7+
36.Be5 Rf3+ 37.Kxf3 Qxe5 38.Qe3 Bd1+  0-1

[Event "IFPX Categoria A"]
[Site "Sao Paulo BRA"]
[Date "2010.02.20"]
[Round "1"]
[White "Diamant,A"]
[Black "De Oliveira,Jos"]
[Result "1-0"]
[WhiteElo "2497"]
[BlackElo "2054"]

1.e4 c5 2.Nf3 Nc6 3.d4 cxd4 4.Nxd4 Qb6 5.Nb3 Nf6 6.Nc3 e6 7.Bd3 a6 8.O-O Be7
9.Kh1 d6 10.Bg5 Bd7 11.a4 Rc8 12.a5 Qc7 13.Be3 O-O 14.f4 e5 15.Nd5 Nxd5 16.exd5 Nb4
17.Bb6 Qb8 18.c4 e4 19.Bxe4 Rxc4 20.Nd2 Rxe4 21.Nxe4 Bb5 22.Qd2  1-0

[Event "Open GpA"]
[Site "Cannes FRA"]
[Date "2010.03.03"]
[Round "5"]
[White "Fier,A"]
[Black "Miladinovic,I"]
[Result "0-1"]
[WhiteElo "2601"]
[BlackElo "2559"]

1.e4 c5 2.Nf3 Nc6 3.d4 cxd4 4.Nxd4 Qc7 5.Nc3 e6 6.Be3 Nf6 7.f4 Bb4 8.Nb5 Qa5
9.e5 Nd5 10.Bd2 Nxc3 11.Nxc3 d5 12.Bd3 Bd7 13.O-O a6 14.Kh1 Qc7 15.a3 Bc5
16.b4 Bd4 17.Rb1 Ne7 18.Ne2 Bb6 19.Bc3 Bb5 20.Bd4 Bc4 21.Qe1 Nf5 22.Bxf5 exf5
23.Rf3 Bxe2 24.Rc3 Bc4  0-1

[Event "TCh-ISL 2009-10"]
[Site "Rekjavik ISL"]
[Date "2010.03.05"]
[Round "6"]
[White "Gretarsson,A"]
[Black "Thorhallsson,T"]
[Result "0-1"]
[WhiteElo "2328"]
[BlackElo "2433"]

1.e4 c5 2.Nf3 Nc6 3.d4 cxd4 4.Nxd4 Qb6 5.Nb3 Nf6 6.Nc3 e6 7.a3 Qc7 8.f4 d6
9.Be3 a6 10.g4 b5 11.Bg2 Rb8 12.Qe2 Nd7 13.O-O Be7 14.Rae1 b4 15.axb4 Rxb4
16.g5 a5 17.Nd5 exd5 18.exd5 Nce5 19.fxe5 Nxe5 20.Bd2 Qb6+ 21.Kh1 Ba6 22.Qf2 Bxf1
23.Qxf1 O-O 24.Bxb4 Qxb4 25.Re4 Qb6 26.h4 f6 27.gxf6 Rxf6 28.Qe1 Rh6 29.Bh3 Qd8
30.Qxa5 Qf8 31.Qe1 g5 32.Nd4 g4 33.Qg3 Rxh4 34.Kg2 h5 35.Ne6 Qf3+  0-1

[Event "JNBS UWI Masters"]
[Site "Kingston JAM"]
[Date "2010.03.21"]
[Round "9"]
[White "Joseph,M"]
[Black "Matthews,S"]
[Result "0-1"]
[WhiteElo "2166"]
[BlackElo "2203"]

1.e4 c5 2.Nf3 Nc6 3.d4 cxd4 4.Nxd4 Qb6 5.Nb3 Nf6 6.Nc3 e6 7.Be3 Qc7 8.Be2 a6
9.f4 d6 10.a4 b6 11.O-O Bb7 12.Bf3 Be7 13.g4 Rc8 14.g5 Nd7 15.Bg2 Nb4 16.Nd4 g6
17.Bh3 d5 18.e5 Nc5 19.Nce2 Ne4 20.c3 Nc6 21.Nxe6 fxe6 22.Bxe6 Rd8 23.f5 Nxe5
24.f6 Bc5 25.Nd4 Nf7 26.Bf4 Bd6 27.Qg4 Bxf4 28.Rxf4 O-O 29.Nf5 Kh8 30.Ne7 Nexg5
31.Nxg6+ hxg6 32.Qh4+ Nh7 33.Raf1 g5 34.Qh5 gxf4  0-1

[Event "II Genset Cup"]
[Site "Szombathely HUN"]
[Date "2010.03.30"]
[Round "5"]
[White "Makk,R"]
[Black "Lakos,N"]
[Result "0-1"]
[WhiteElo "2130"]
[BlackElo "2292"]

1.e4 c5 2.Nf3 Nc6 3.d4 cxd4 4.Nxd4 Qc7 5.Nb5 Qb8 6.c4 Nf6 7.N5c3 b6 8.g3 Bb7
9.Bg2 e6 10.O-O h5 11.Bf4 Ne5 12.Nd2 d6 13.c5 bxc5 14.Bxe5 dxe5 15.Qa4+ Nd7
16.Nc4 Qc7 17.Nb5 Qc6 18.Qa5 Ke7 19.Rfd1 Kf6 20.h4 g6 21.f4 Kg7 22.fxe5 Be7
23.Nxa7 Rxa7 24.Qxa7 Ra8 25.Qxa8 Bxa8 26.Rd2 Qc7 27.Nd6 Kf8 28.Rad1 Nxe5
29.Nb5 Qb6 30.a4 c4+ 31.Kh1 Ng4 32.Rf1 Qe3 33.Rc2 Qxg3 34.Rc3 Qh2+  0-1

[Event "LVI Abierto Mexicano"]
[Site "Monterrey MEX"]
[Date "2010.04.01"]
[Round "4"]
[White "Della Morte,P"]
[Black "Gonzalez Zamora,J"]
[Result "0-1"]
[WhiteElo "2292"]
[BlackElo "2552"]

1.e4 c5 2.Nf3 Nc6 3.d4 cxd4 4.Nxd4 Qb6 5.Nb3 Nf6 6.Nc3 e6 7.Qe2 Bb4 8.Bd2 O-O
9.a3 Be7 10.Be3 Qc7 11.f4 d5 12.e5 Nd7 13.Nb5 Qb8 14.c4 a6 15.Nc3 dxc4 16.Qxc4 Qc7
17.Rc1 Nb6 18.Qe4 Nd5 19.Nxd5 exd5 20.Qxd5 Be6 21.Qd3 Rad8 22.Qc3 Bd5 23.Bc4 Bxg2
24.Rg1 Bh3 25.Bf2 Be6 26.Bxe6 fxe6 27.Be3 Qd7 28.Ke2 Qe8 29.Rg4 Qh5 30.Rg1 Rf7
31.Bb6 Rxf4 32.h3 Rxg4 33.Rxg4 Rd5 34.Nd4 Qxe5+ 35.Kf1 Bf6 36.Qc4 h5 37.Nxc6 bxc6
38.Re4 Qf5+ 39.Bf2 Qxh3+ 40.Ke2 Bg5 41.Qc3  0-1

[Event "Easter Open"]
[Site "Medellin COL"]
[Date "2010.04.04"]
[Round "8"]
[White "Torres,S"]
[Black "Garces,J"]
[Result "1/2-1/2"]
[WhiteElo "2184"]
[BlackElo "2018"]

1.e4 c5 2.Nf3 Nc6 3.d4 cxd4 4.Nxd4 Qc7 5.Nc3 e6 6.a3 a6 7.g3 Nf6 8.Nb3 d6
9.Bg2 Be7 10.O-O Bd7 11.f4 h5 12.h3 Na5 13.Nxa5 Qxa5 14.Be3 Bc6 15.Qd2 Qc7
16.Qf2 b5 17.Rad1 O-O 18.Kh2 Rab8 19.e5 Nd7 20.Ne4 dxe5 21.fxe5 Bxe4 22.Bxe4 Nc5
23.Bg2 b4 24.axb4 Rxb4 25.c3 Rb5 26.Qe2 Qxe5 27.b4 Na4 28.Qf2 Nxc3 29.Rd7 Bf6
30.Bd4 Qe2 31.Bxf6 Qxf2 32.Rxf2 gxf6 33.Rc2 Na4 34.Ra7 Rxb4 35.Rxa6 Nb6 36.h4 Nd7
37.Ra7 Ne5 38.Bf1 Rb1 39.Be2 Ng4+ 40.Kh3 Rfb8 41.Bxg4 hxg4+ 42.Kxg4 R1b3  1/2-1/2

[Event "59th ch-BUL w"]
[Site "Dupnitsa BUL"]
[Date "2010.04.16"]
[Round "10"]
[White "Gocheva,R"]
[Black "Bednikova,S"]
[Result "1/2-1/2"]
[WhiteElo "2164"]
[BlackElo "2113"]

1.e4 c5 2.Nf3 Nc6 3.d4 cxd4 4.Nxd4 Qc7 5.Nc3 e6 6.Be2 Nf6 7.O-O a6 8.Be3 Bb4
9.Nxc6 bxc6 10.Bf3 Rb8 11.g3 Bd6 12.Na4 h5 13.Bb6 Rxb6 14.Nxb6 h4 15.Nxc8 Be5
16.Qd2 hxg3 17.fxg3 Rh6 18.Rad1 Qxc8 19.c3 Qc7 20.Rf2 Rg6 21.Rg2 d5 22.exd5 cxd5
23.Qe2 Qd6 24.Kh1 Rh6 25.c4 d4 26.b4 Bxg3 27.c5 Qc7 28.Rxd4 Be5 29.Rd1 g5
30.Kg1 Rh4 31.a3 Ke7 32.Rxg5 Bxh2+ 33.Kf1 Qf4 34.Qd3 Nd5 35.Rxd5 exd5 36.Qxd5 Qc4+
37.Kg2 Qc2+ 38.Rd2 Qg6+ 39.Kf2 Bg3+ 40.Kf1 Kf8 41.Qd8+ Kg7 42.Qd3 Qe6 43.Re2 Qh3+
44.Rg2 Rf4 45.Kg1 Rh4 46.Kf1 Rf4  1/2-1/2

[Event "UKM KL Masters"]
[Site "Kuala Lumpur INA"]
[Date "2010.04.18"]
[Round "7"]
[White "Yee Soon Wei"]
[Black "Nirav Y.,R"]
[Result "1-0"]
[WhiteElo "2209"]
[BlackElo "2183"]

1.e4 c5 2.Nf3 Nc6 3.d4 cxd4 4.Nxd4 Qb6 5.Nb3 Nf6 6.Nc3 e6 7.Bd3 a6 8.O-O Ne5
9.Be2 h5 10.h3 g6 11.a4 d6 12.a5 Qc7 13.f4 Ned7 14.f5 Be7 15.Bg5 gxf5 16.exf5 e5
17.Bf3 Rb8 18.Kh1 b6 19.axb6 Rxb6 20.Na5 Rxb2 21.Nc6 Bf8 22.Nd5 Nxd5 23.Bxd5 Nb6
24.Bf3 Bb7 25.Nxe5 Bxf3 26.Nxf3 Rb5 27.Rxa6 Rg8 28.Qe2+  1-0

[Event "ch-SRB"]
[Site "Kragujevac SRB"]
[Date "2010.04.19"]
[Round "2"]
[White "Krstic,P"]
[Black "Perunovic,Mil"]
[Result "0-1"]
[WhiteElo "2348"]
[BlackElo "2574"]

1.e4 c5 2.Nf3 Nc6 3.d4 cxd4 4.Nxd4 Qc7 5.Nc3 e6 6.Be3 a6 7.Qd2 Nf6 8.O-O-O Be7
9.f3 h5 10.Nb3 d6 11.Kb1 Rb8 12.a4 b6 13.Be2 Bb7 14.Qe1 Ne5 15.Qf2 Ned7 16.Bf4 Ne5
17.h3 h4 18.g4 hxg3 19.Bxg3 Ng6 20.Qd4 e5 21.Qc4 Qd8 22.Nd2 Nh5 23.Bf2 Nhf4
24.Bf1 O-O 25.Qb3 Bc8 26.Nc4 b5 27.axb5 axb5 28.Ne3 Be6 29.Ncd5 Bh4 30.Bg1 Ne7
31.Nxe7+ Bxe7 32.Nd5 Nxd5 33.exd5 Bd7 34.Qb4 Ra8 35.Bxb5 Qb8 36.c4 Bf5+  0-1

[Event "4th All China Games Rapid"]
[Site "Hefei CHN"]
[Date "2010.05.19"]
[Round "7"]
[White "Zhang Xiaowen"]
[Black "Li Shilong"]
[Result "0-1"]
[WhiteElo "2426"]
[BlackElo "2514"]

1.e4 c5 2.Nf3 Nc6 3.d4 cxd4 4.Nxd4 Qb6 5.Nb3 e6 6.Bd3 Nf6 7.O-O Be7 8.Nc3 d6
9.Be3 Qc7 10.f4 a6 11.Qf3 O-O 12.a3 b5 13.e5 dxe5 14.fxe5 Nxe5 15.Qxa8 Neg4
16.Rf4 Nxe3 17.Qf3 Nc4 18.Rf1 Nxb2 19.a4 Bb7 20.Ne4 Nxd3 21.Nxf6+ Bxf6 22.Qxd3 Rd8
23.Qe2 Bd5 24.axb5 axb5 25.Rd1 Qxf4  0-1

[Event "TCh-UKR Clubs"]
[Site "Alushta UKR"]
[Date "2010.05.20"]
[Round "11"]
[White "Strygin,A"]
[Black "Kononenko,Dmitry1"]
[Result "0-1"]
[WhiteElo "2261"]
[BlackElo "2576"]

1.e4 c5 2.Nf3 Nc6 3.d4 cxd4 4.Nxd4 Qb6 5.Nb3 Nf6 6.Nc3 e6 7.Be3 Qc7 8.Be2 Bb4
9.f3 d5 10.O-O dxe4 11.Nxe4 Nxe4 12.fxe4 O-O 13.Bd3 Ne5 14.Qh5 a5 15.Kh1 a4
16.Nd4 Ra5 17.Qh3 Bc5 18.Qg3 f6 19.Nb5 Qb6 20.Bxc5 Qxc5 21.Nc3 a3 22.Nd1 axb2
23.Nxb2 Bd7 24.Nd1 Ra3 25.Nf2 Kh8 26.Ng4 Nxd3 27.cxd3 Qd4 28.Qc7 Rc8 29.Qxb7 Rxd3
30.h3 h5 31.Nf2 Rd2 32.Rad1 Rcc2 33.Rxd2 Rxd2 34.e5 Qxe5 35.a4 Bxa4 36.Qa8+ Kh7
37.Qxa4 Rxf2  0-1

[Event "XXIX Open A"]
[Site "Zalakaros HUN"]
[Date "2010.05.30"]
[Round "5"]
[White "Csonka,B"]
[Black "Varadi,B"]
[Result "1-0"]
[WhiteElo "2197"]
[BlackElo "1846"]

1.e4 c5 2.Nf3 Nc6 3.d4 cxd4 4.Nxd4 Qb6 5.Nb3 Nf6 6.Nc3 e6 7.Qe2 Qc7 8.g4 d6
9.Bg2 a6 10.f4 Rb8 11.Be3 b5 12.g5 Nd7 13.O-O-O b4 14.Nd5 exd5 15.exd5 Nce5
16.Bd4 Be7 17.fxe5 Bxg5+ 18.Kb1 dxe5 19.d6 Qxd6 20.Ba7 Qc7 21.Bxb8 Qxb8 22.Bc6 Qc7
23.Qg2 O-O 24.Bxd7 Bb7 25.Qxg5 Bxh1 26.Rxh1 Qxd7 27.Qxe5 Re8 28.Qf4 Qc6 29.Rg1 g6
30.Qxb4  1-0

[Event "XXIX Open A"]
[Site "Zalakaros HUN"]
[Date "2010.06.01"]
[Round "7"]
[White "Tesik,C"]
[Black "Szabo,Ben"]
[Result "0-1"]
[WhiteElo "2162"]
[BlackElo "2316"]

1.e4 c5 2.Nf3 Nc6 3.d4 cxd4 4.Nxd4 Qb6 5.Nb3 Nf6 6.Nc3 e6 7.Be3 Qc7 8.f3 Bb4
9.Qd2 d5 10.a3 Bxc3 11.Qxc3 dxe4 12.fxe4 O-O 13.Bd3 Ng4 14.Bc5 Rd8 15.O-O-O b6
16.Bg1 Bb7 17.Kb1 Nge5 18.Bf2 Nxd3 19.cxd3 e5 20.d4 exd4 21.Nxd4 Rac8 22.Nf3 Qe7
23.e5 Qe6 24.Bg3 Na5 25.Rxd8+ Rxd8 26.Qc7 Be4+ 27.Ka1 Nb3+  0-1

[Event "XXIX Open A"]
[Site "Zalakaros HUN"]
[Date "2010.06.01"]
[Round "7"]
[White "Nemeth,Mi1"]
[Black "Horvath,Ad1"]
[Result "0-1"]
[WhiteElo "2468"]
[BlackElo "2494"]

1.e4 c5 2.Nf3 Nc6 3.d4 cxd4 4.Nxd4 Qc7 5.Nc3 e6 6.Be3 Nf6 7.Qd2 Nxd4 8.Qxd4 Ng4
9.O-O-O Nxe3 10.Qxe3 Bc5 11.Qg5 O-O 12.e5 d5 13.Bd3 Bd7 14.f4 Rac8 15.Rhf1 Qb6
16.Ne2 Bb5 17.Qg3 Be3+ 18.Kb1 d4 19.Qf3 Bc6 20.Qh3 g6 21.Ng3 Bd5 22.Qh6 f5
23.exf6 Rxf6 24.Ne4 Bxe4 25.Bxe4 e5 26.Qh3 Rcf8 27.g3 exf4 28.gxf4 Bxf4 29.Qd7 Bc1
30.Kxc1 Rxf1 31.Bg2 Rxd1+ 32.Kxd1 Kh8 33.Qd5 d3  0-1

[Event "XXIX Open A"]
[Site "Zalakaros HUN"]
[Date "2010.06.03"]
[Round "9"]
[White "Vas,P SWE"]
[Black "Meszaros,T"]
[Result "0-1"]
[WhiteElo "2312"]
[BlackElo "2434"]

1.e4 c5 2.Nf3 Nc6 3.d4 cxd4 4.Nxd4 Qc7 5.Nc3 e6 6.Be3 Nf6 7.Be2 a6 8.O-O Be7
9.f4 d6 10.a4 O-O 11.Qe1 Nxd4 12.Bxd4 e5 13.Be3 exf4 14.Bxf4 Qb6+ 15.Kh1 Qxb2
16.Qg3 Qb6 17.Bh6 Ne8 18.Bc4 Qd8 19.Bf4 Be6 20.Nd5 Rc8 21.Qb3 Bg5 22.Bg3 Rc6
23.Rab1 Nc7 24.Bd3 b5 25.c4 bxc4 26.Bxc4 Qc8 27.Rfc1 Nxd5  0-1

[Event "9th TCh-BIH Premier"]
[Site "Bihac BIH"]
[Date "2010.06.12"]
[Round "8"]
[White "Stavnjak,L"]
[Black "Kozul,Z"]
[Result "0-1"]
[WhiteElo "2245"]
[BlackElo "2579"]

1.e4 c5 2.Nf3 Nc6 3.d4 cxd4 4.Nxd4 Qb6 5.Nb3 Nf6 6.Nc3 e6 7.Be3 Qc7 8.a3 a6
9.Be2 Be7 10.O-O d6 11.f4 O-O 12.Bf3 b5 13.g4 Re8 14.g5 Nd7 15.Qe1 Rb8 16.Qf2 Bf8
17.Bg2 Nb6 18.Bxb6 Qxb6 19.Qxb6 Rxb6 20.Rad1 Rb8 21.Ne2 b4 22.axb4 Nxb4 23.Rd2 Nxc2
24.Rxc2 Rxb3 25.Nd4 Rb6 26.e5 dxe5 27.fxe5 Bd7 28.Rc7 Rd8 29.Rf2 Be8 30.Rc4 Rb4
31.Rfc2  0-1

[Event "14th FIDE Open"]
[Site "Voronezh RUS"]
[Date "2010.06.14"]
[Round "3"]
[White "Bezgodova,M"]
[Black "Kasantsev,A"]
[Result "0-1"]
[WhiteElo "2193"]
[BlackElo "2048"]

1.e4 c5 2.Nf3 Nc6 3.d4 cxd4 4.Nxd4 Qb6 5.Nb3 Nf6 6.Nc3 e6 7.Be3 Qc7 8.Bd3 a6
9.f4 d6 10.O-O b5 11.a3 Bb7 12.Qf3 Be7 13.Nd4 O-O 14.Qg3 Nh5 15.Qg4 Nf6 16.Qh3 Nxd4
17.Bxd4 e5 18.Be3 exf4 19.Rxf4 g6 20.Raf1 Nd7 21.Bd4 Ne5 22.Nd1 Bc8 23.Qg3 Be6
24.Ne3 h6 25.Nf5 Bg5 26.R4f2 gxf5 27.h4 f6 28.hxg5 hxg5 29.exf5 Bc4 30.Bxc4+ Qxc4
31.Rf4 Qxc2 32.Rh4 Kg7 33.Rh5 Qe2 34.Rxg5+ fxg5 35.Qxg5+ Kf7 36.Qh6 Qc4 37.Qh5+ Ke7
38.Bxe5 Qc5+ 39.Kh1 Qxe5 40.Qh4+ Kd7 41.Qh7+ Qe7 42.Qg6 Qf6 43.Qg4 Rh8+ 44.Kg1 Rh4
45.Qf3 Qd4+ 46.Rf2 Qe4 47.Qc3 Re8 48.Qd2 Reh8 49.Rf3 Qxf3  0-1

[Event "14th FIDE Open"]
[Site "Voronezh RUS"]
[Date "2010.06.21"]
[Round "9"]
[White "Fadin,E"]
[Black "Kasantsev,A"]
[Result "1/2-1/2"]
[WhiteElo "2150"]
[BlackElo "2048"]

1.e4 c5 2.Nf3 Nc6 3.d4 cxd4 4.Nxd4 Qb6 5.Nb3 Nf6 6.Nc3 e6 7.Be3 Qc7 8.a3 a6
9.f4 d6 10.Be2 Be7 11.O-O b5 12.Qe1 O-O 13.Bf3 Bb7 14.Qg3 b4 15.axb4 Nxb4
16.Rf2 e5 17.Na5 Bc8 18.Ra4 Rb8 19.fxe5 dxe5 20.Bh6 Ne8 21.Re2 Be6 22.Bc1 Bc5+
23.Kh1 Bd4 24.Qe1 Nf6 25.h3 Rfc8 26.Ra3 Bc5 27.Ra1 Bb6 28.Nb3 Nxc2 29.Rxc2 Bxb3
30.Re2 Bc4 31.Rd2 Bd4 32.Ne2 Bc5 33.Rc2 Bb4 34.Bd2 Qd6 35.Bc3 Bxe2 36.Bxb4 Qd4
37.Bc3 Bxf3 38.Bxd4 Rxc2 39.gxf3 exd4 40.b4 d3 41.Qd1 Rd8 42.b5 Nh5 43.bxa6 Ng3+
44.Kg1  1/2-1/2

[Event "Scheveningen"]
[Site "Kefar Sava ISR"]
[Date "2010.06.24"]
[Round "5"]
[White "Efroimski,M"]
[Black "Botvinnik,M ISR"]
[Result "1-0"]
[WhiteElo "2170"]
[BlackElo "2348"]

1.e4 c5 2.Nf3 Nc6 3.d4 cxd4 4.Nxd4 Qc7 5.Nc3 e6 6.Be3 a6 7.Bd3 Nf6 8.O-O h5
9.h3 b5 10.Nxc6 Qxc6 11.a3 Bb7 12.Be2 Bd6 13.Bd4 e5 14.Be3 Bc5 15.Bxc5 Qxc5
16.Qd3 Rc8 17.Rfd1 Rh6 18.Rd2 h4 19.Bf3 g6 20.Nd1 Rh8 21.Ne3 Ke7 22.b4 Qc7
23.c4 d6 24.Rad1 Rhd8 25.cxb5 axb5 26.Qxb5 Nxe4 27.Rc2 Qd7 28.Qxd7+ Kxd7
29.Rxc8 Rxc8 30.Bg4+ f5 31.Nxf5 gxf5 32.Bxf5+ Ke7 33.Bxc8 Bxc8 34.Rc1 Kd7
35.f3 Ng3 36.Kf2 d5 37.b5 Nf5 38.b6 Nd6 39.Rc7+ Kd8 40.Rh7 d4 41.a4 d3 42.Rxh4 Ba6
43.Ke1 Kd7 44.g4 e4 45.fxe4 Nxe4 46.g5 Nxg5 47.Kf2 Kc6 48.Rh6+ Kb7 49.Ke3 Bc4
50.a5 Ka6 51.Rc6 Bd5 52.Rc5 d2 53.Rxd5 Nxh3 54.Rxd2 Ng5 55.Rd7 Ne6 56.Ra7+ Kb5
57.b7  1-0

[Event "5th Open"]
[Site "Wroclaw POL"]
[Date "2010.06.30"]
[Round "7"]
[White "Poznanska,K"]
[Black "Przezdziecka,M"]
[Result "1-0"]
[WhiteElo "2068"]
[BlackElo "2278"]

1.e4 c5 2.Nf3 Nc6 3.d4 cxd4 4.Nxd4 Qc7 5.Nc3 e6 6.Be3 a6 7.Be2 Nf6 8.a3 b5
9.O-O Bb7 10.Nb3 d6 11.f4 Be7 12.Qe1 O-O 13.Bf3 b4 14.Ne2 bxa3 15.bxa3 a5
16.Qg3 e5 17.c4 exf4 18.Bxf4 Ne5 19.c5 Nxf3+ 20.gxf3 Nh5 21.Qg4 Nxf4 22.Qxf4 a4
23.Nbd4 Qxc5 24.Rac1 Qg5+ 25.Qxg5 Bxg5 26.Rc7 Be3+ 27.Kg2 Ba6 28.Rb1 g6 29.Rc3 Bh6
30.Rc6 Rfc8 31.Rbb6 Rxc6 32.Rxc6 Bf8 33.Nc3 Bd3 34.Kf2 h5 35.Ke3 Bf1 36.Kf2 Bd3
37.Ke3 Bf1 38.Kf2 Bh3 39.Rc4 h4 40.Rxa4 Rc8 41.Nd5 Rb8 42.Rb4 Ra8 43.a4 Bg7
44.Nb5 Kh8 45.Nxd6 Bf8 46.e5 Ra7 47.Rxh4+ Kg7 48.Ne8+  1-0

[Event "1st Open"]
[Site "Marrakesh MAR"]
[Date "2010.07.01"]
[Round "8"]
[White "Fargere,Fr"]
[Black "Miladinovic,I"]
[Result "0-1"]
[WhiteElo "2489"]
[BlackElo "2559"]

1.e4 c5 2.Nf3 Nc6 3.d4 cxd4 4.Nxd4 Qc7 5.Nc3 e6 6.Be3 a6 7.Qd2 Nf6 8.O-O-O Bb4
9.f3 b5 10.Bf4 Ne5 11.Kb1 Qb8 12.Nc6 Nxc6 13.Bxb8 Rxb8 14.g4 h6 15.h4 Be7
16.Bd3 d6 17.g5 Nd7 18.Qg2 h5 19.g6 f6 20.f4 Bb7 21.Ne2 Nc5 22.Ng3 Kd7 23.Be2 Kc7
24.Nxh5 f5 25.Nxg7 Rbg8 26.h5 Rh6 27.exf5 Rxg7 28.Bf3 exf5 29.Qd2 Bf8 30.Qc3  0-1

[Event "Heart of Finland"]
[Site "Jyvaskyla FIN"]
[Date "2010.07.08"]
[Round "6"]
[White "Rantanen,Y"]
[Black "Seeman,T"]
[Result "1-0"]
[WhiteElo "2376"]
[BlackElo "2425"]

1.e4 c5 2.Nf3 Nc6 3.d4 cxd4 4.Nxd4 Qb6 5.Nb5 a6 6.N5c3 e6 7.Be2 Nf6 8.O-O Be7
9.Qd3 d5 10.exd5 Nb4 11.Qd1 Nbxd5 12.Nxd5 Nxd5 13.c4 Nf6 14.Nc3 Bd7 15.a3 a5
16.Be3 Bc5 17.Na4 Bxa4 18.Qxa4+ Ke7 19.Bxc5+ Qxc5 20.Bf3 Rhd8 21.Rad1 Rac8
22.Rxd8 Rxd8 23.Qb3 b6 24.Qc2 b5 25.Rc1 b4 26.axb4 axb4 27.h3 g5 28.b3 h5
29.Rd1 Rg8 30.g3 h4 31.gxh4 gxh4+ 32.Kf1 Nd7 33.Qd2 Ne5 34.Bg2 Ng6 35.Be4 Qh5
36.Bxg6 Qxg6 37.Qxb4+ Kf6 38.Qc3+ Ke7 39.Qd3 Qg2+ 40.Ke2 Ra8 41.Rd2 f5 42.Qd4 Kf7
43.Qxh4 Qc6 44.Qh7+ Kf6 45.f3 Ra3 46.Qh8+ Kf7 47.Rd8 Rxb3 48.Rf8+ Ke7 49.Qf6+ Kd6
50.Qd4+ Kc7 51.Rf7+ Kb8 52.Qa7+  1-0

[Event "29th Jacques Lemans Open"]
[Site "St Veit SUI"]
[Date "2010.07.10"]
[Round "1"]
[White "Logar,M"]
[Black "Leitner,G"]
[Result "1-0"]
[WhiteElo "2043"]
[BlackElo "2234"]

1.e4 c5 2.Nf3 Nc6 3.d4 cxd4 4.Nxd4 Qb6 5.Nb3 Nf6 6.Bd3 e6 7.Be3 Qc7 8.O-O Be7
9.f4 d6 10.Nc3 a6 11.Qf3 O-O 12.Rae1 Bd7 13.Qh3 e5 14.f5 Nb4 15.Bg5 Bc6 16.Bxf6 Bxf6
17.a3 Nxd3 18.Qxd3 Rfd8 19.Rd1 Rac8 20.Rf2 Bg5 21.g3 b5 22.h4 Bh6 23.Nd5 Qa7
24.Kg2 Ba8 25.c3 f6 26.Kf3 Kf8 27.Re2 Qf7 28.Nb6 Qxb3 29.Nxc8 Rxc8 30.Qxd6+ Kg8
31.Qxa6 Qc4 32.a4 g6 33.g4 Rb8 34.Qxf6 Rf8 35.Rd8 Bxe4+ 36.Kf2 gxf5 37.gxf5 Rxd8
38.Qxd8+ Bf8 39.Qg5+ Kh8 40.Qf6+ Kg8 41.Qe6+ Qxe6 42.fxe6 Bc6 43.Rxe5 Bd6
44.Rg5+ Kf8 45.axb5 Be8 46.b6 Ke7 47.b4 Kxe6 48.Ke3 Bc6 49.Kd4 Be7 50.Rh5 Bf6+
51.Kd3 Bd8 52.Rh6+  1-0

[Event "ZDMI Open"]
[Site "Dresden GER"]
[Date "2010.07.12"]
[Round "3"]
[White "Mueller,Pete2"]
[Black "Seres,L"]
[Result "0-1"]
[WhiteElo "2013"]
[BlackElo "2460"]

1.e4 c5 2.Nf3 Nc6 3.d4 cxd4 4.Nxd4 Qb6 5.Nb3 Nf6 6.Nc3 e6 7.Be3 Qc7 8.a3 a6
9.Be2 b5 10.O-O d6 11.f4 Bb7 12.Bf3 Be7 13.Qe1 O-O 14.Qg3 Kh8 15.Nd4 Na5
16.e5 dxe5 17.fxe5 Nd7 18.Bxb7 Qxb7 19.Nf3 Nc4 20.Bg5 Bc5+ 21.Kh1 Nxb2 22.Rae1 Nc4
23.Ne4 f5 24.exf6 gxf6 25.Nxc5 Nxc5 26.Bh6 Rf7 27.Qh4 Rg8 28.Qh5 Rc7 29.Qh4 Rg6
30.Rd1 Rc8 31.Rd4 Rcg8 32.Rfd1 Qe7 33.Ne1 Ne5 34.Bc1 Qb7 35.R1d2 Nc4 36.Rf2 e5
37.Rd1 f5 38.Be3  0-1

[Event "5th Nana Aleksandria Cup"]
[Site "Poti GEO"]
[Date "2010.07.12"]
[Round "2"]
[White "Tsereteli,K"]
[Black "Tedoshvili,D"]
[Result "1-0"]
[WhiteElo "1977"]
[BlackElo "1808"]

1.e4 c5 2.Nf3 Nc6 3.d4 cxd4 4.Nxd4 Qb6 5.Nb3 e6 6.Nc3 Nf6 7.Bd3 a6 8.O-O d6
9.a4 a5 10.Nb5 Be7 11.Bg5 Ne5 12.h3 Bd7 13.Be3 Qd8 14.f4 Nxd3 15.cxd3 O-O
16.Qd2 Bc6 17.Rfc1 d5 18.e5 Bb4 19.Qf2 Nd7 20.Nc5 Nxc5 21.Bxc5 Bxc5 22.Qxc5 Qh4
23.Rf1 Qg3 24.Rf3 Qg6 25.Nd4 Rfc8 26.Qe7 Re8 27.Qh4 f5 28.Nxc6 bxc6 29.Qf2 Qf7
30.d4 Qb7 31.Rc1 Qb4 32.Rxc6 Qxa4 33.Rfc3 Ra7 34.Kh2 Kf7 35.Qh4 Qxd4 36.Rc7+ Rxc7
37.Rxc7+ Kf8 38.Qg5  1-0

[Event "Aegean Open"]
[Site "Agios Kirykos GRE"]
[Date "2010.07.15"]
[Round "3"]
[White "Douni,Aspasia"]
[Black "Ornithopoulos,N"]
[Result "0-1"]
[WhiteElo "1364"]
[BlackElo "2080"]

1.e4 c5 2.Nf3 Nc6 3.d4 cxd4 4.Nxd4 Qb6 5.Nxc6 bxc6 6.Bc4 Nf6 7.Qf3 d6 8.Be3 Qxb2
9.e5 d5 10.exf6 Qxa1 11.O-O Qxf6 12.Bxd5 Bb7 13.Bg5 Qxf3 14.Bxf3 e5 15.Nc3 f6
16.Bh4 Bb4 17.Ne4 Be7 18.Rb1 O-O-O 19.Bg4+ Kc7 20.Bg3 h5 21.f4 hxg4 22.fxe5 f5
23.Nd6 Bxd6 24.exd6+ Kc8 25.a4 g5 26.Be5 Rhe8 27.Bf6 Rxd6 28.Bxg5 Re2 29.Rf1 c5
30.h3 Rxg2+ 31.Kh1 Rxc2+ 32.Kg1 Rg2+ 33.Kh1 gxh3 34.Bf4 Ra2+ 35.Kg1 Rg6+  0-1

[Event "Open A"]
[Site "Oberwart AUT"]
[Date "2010.07.15"]
[Round "3"]
[White "Poetz,F"]
[Black "Mihok,O"]
[Result "1/2-1/2"]
[WhiteElo "2347"]
[BlackElo "2438"]

1.e4 c5 2.Nf3 Nc6 3.d4 cxd4 4.Nxd4 Qb6 5.Nb3 Nf6 6.Nc3 e6 7.Qe2 Bb4 8.Bd2 O-O
9.a3 Bxc3 10.Bxc3 e5 11.O-O-O Re8 12.Kb1 Qc7 13.g4 d5 14.exd5 Bxg4 15.f3 Nd4
16.Bxd4 exd4 17.Qg2 Bf5 18.Nxd4 Bg6 19.Nb5 Qc5 20.Nc3 Rad8 21.Qd2 Rd6 22.Bd3 Nxd5
23.Ne4 Bxe4 24.Bxe4 Red8 25.Bxd5 Qxd5 26.Qxd5 Rxd5 27.Rxd5 Rxd5 28.Re1 Kf8
29.Kc1 Rh5 30.Re2 Rh3 31.Rf2 g5 32.Kd2 Ke7 33.Ke3 g4 34.Kf4 gxf3 35.Kg4 Rh6
36.Kxf3 Rf6+ 37.Ke3 Re6+  1/2-1/2

[Event "Corporation Centre Cup"]
[Site "Izhevsk RUS"]
[Date "2010.07.16"]
[Round "2"]
[White "Kostitsina,L"]
[Black "Toropov,P"]
[Result "0-1"]
[WhiteElo "1930"]
[BlackElo "2174"]

1.e4 c5 2.Nf3 Nc6 3.d4 cxd4 4.Nxd4 Qb6 5.Nb3 Nf6 6.Nc3 e6 7.Bd3 Be7 8.O-O O-O
9.Be3 Qc7 10.f4 d6 11.Qf3 a6 12.g4 b5 13.a3 Bb7 14.g5 Nd7 15.Qh5 g6 16.Qh4 Rfe8
17.Rf3 b4 18.Rh3 h5 19.Ne2 Bf8 20.Ng3 Bg7 21.Rf1 Nf8 22.Nxh5 gxh5 23.Qxh5 Rad8
24.f5 exf5 25.exf5 Rxe3 26.Rxe3 Qb6 27.Re1 Re8 28.Kf2 Bd4 29.Nxd4 Qxd4 30.g6 fxg6
31.Qg5 Ne5 32.Kg3 Nh7 33.Qf4 Qxf4+ 34.Kxf4 g5+ 35.Kg3 Nf6 36.h3 Nh5+ 37.Kf2 Nf4
38.Rg3 Kf7 39.axb4 Rh8 40.Ree3 Kf6 41.Bf1 Kxf5 42.Ra3 g4 43.hxg4+ Nxg4+ 44.Rxg4 Kxg4
45.Bxa6 Rh2+ 46.Ke1 Be4 47.Bc8+ Kg5 48.c4 Nd3+ 49.Kf1 Rf2+ 50.Kg1 Rxb2 51.c5 Rb1+
52.Kh2 Kf4 53.Rxd3 Rh1+  0-1

[Event "Sparkassen Open A"]
[Site "Dortmund GER"]
[Date "2010.07.18"]
[Round "2"]
[White "Deinert,W"]
[Black "Bouaraba,M"]
[Result "0-1"]
[WhiteElo "1844"]
[BlackElo "2224"]

1.e4 c5 2.Nf3 Nc6 3.d4 cxd4 4.Nxd4 Qb6 5.Nb3 Nf6 6.Nc3 e6 7.Be3 Qc7 8.Qd2 Bb4
9.f3 d5 10.a3 Bxc3 11.Qxc3 dxe4 12.O-O-O O-O 13.fxe4 Nxe4 14.Qc4 Nf6 15.Bd3 Nd5
16.Qh4 f5 17.Bd2 Ne5 18.Be2 Bd7 19.Kb1 Rac8 20.Rc1 b5 21.Rhe1 Nc4 22.Bxc4 bxc4  0-1

[Event "Corporation Centre Cup"]
[Site "Izhevsk RUS"]
[Date "2010.07.18"]
[Round "4"]
[White "Ozolin,M"]
[Black "Toropov,P"]
[Result "1-0"]
[WhiteElo "2397"]
[BlackElo "2174"]

1.e4 c5 2.Nf3 Nc6 3.d4 cxd4 4.Nxd4 Qb6 5.Nb3 Nf6 6.Nc3 e6 7.Bd3 Be7 8.O-O a6
9.Be3 Qc7 10.f4 d6 11.a4 b6 12.Qf3 Bb7 13.Rae1 O-O 14.g4 Rfe8 15.g5 Nd7 16.Qg3 Bf8
17.Qh4 g6 18.Rf3 Bg7 19.Rh3 Nf8 20.Nd1 Nb4 21.Nf2 h5 22.gxh6 Bxb2 23.h7+ Kh8
24.c3 Nd7 25.cxb4 Bf6 26.Qg4 Qc3 27.Rb1 Qxb4 28.Nc5 bxc5 29.Rxb4 cxb4 30.Qd1 Rac8
31.Bb1 Rc6 32.e5 Be7 33.Ne4 d5 34.Nd6 Bxd6 35.exd6 Rxd6 36.Qd4+ e5 37.Qxb4 Rde6
38.Qxb7 d4 39.Qxd7 dxe3 40.f5 R6e7 41.Qd6 f6 42.Qxf6+ Rg7 43.fxg6 e4 44.Rxe3 a5
45.Re1 e3 46.Rf1  1-0